<?xml version="1.0" encoding="UTF-8"?>
<record
    xmlns:xsi="http://www.w3.org/2001/XMLSchema-instance"
    xsi:schemaLocation="http://www.loc.gov/MARC21/slim http://www.loc.gov/standards/marcxml/schema/MARC21slim.xsd"
    xmlns="http://www.loc.gov/MARC21/slim">

  <leader>01830nam0a2200373 i 4500</leader>
  <controlfield tag="001">RU\NLR\bibl\1949101</controlfield>
  <controlfield tag="005">20260405125023.0</controlfield>
  <datafield tag="021" ind1=" " ind2=" ">
    <subfield code="a">RU</subfield>
    <subfield code="b">2012-64328</subfield>
    <subfield code="9">4725</subfield>
  </datafield>
  <datafield tag="035" ind1=" " ind2=" ">
    <subfield code="a">(NLR Aleph) 001938268</subfield>
  </datafield>
  <datafield tag="090" ind1=" " ind2=" ">
    <subfield code="a">3530031</subfield>
    <subfield code="c">3530031</subfield>
  </datafield>
  <datafield tag="100" ind1=" " ind2=" ">
    <subfield code="a">20120927d2012    k  y0rusy50      ca</subfield>
  </datafield>
  <datafield tag="101" ind1="0" ind2=" ">
    <subfield code="a">rus</subfield>
    <subfield code="d">eng</subfield>
  </datafield>
  <datafield tag="102" ind1=" " ind2=" ">
    <subfield code="a">RU</subfield>
  </datafield>
  <datafield tag="105" ind1=" " ind2=" ">
    <subfield code="a">a   |||||||||</subfield>
  </datafield>
  <datafield tag="200" ind1="1" ind2=" ">
    <subfield code="a">&#x41E;&#x440;&#x438;&#x435;&#x43D;&#x442;&#x430;&#x446;&#x438;&#x43E;&#x43D;&#x43D;&#x44B;&#x435; &#x437;&#x430;&#x432;&#x438;&#x441;&#x438;&#x43C;&#x43E;&#x441;&#x442;&#x438; &#x43E;&#x442;&#x43A;&#x43B;&#x438;&#x43A;&#x430; &#x447;&#x435;&#x440;&#x435;&#x43D;&#x43A;&#x43E;&#x432;&#x441;&#x43A;&#x43E;&#x433;&#x43E; &#x441;&#x43F;&#x435;&#x43A;&#x442;&#x440;&#x43E;&#x43C;&#x435;&#x442;&#x440;&#x430; &#x441; &#x43A;&#x43E;&#x43D;&#x432;&#x435;&#x440;&#x442;&#x435;&#x440;&#x43E;&#x43C; &#x438;&#x437; &#x43E;&#x440;&#x438;&#x435;&#x43D;&#x442;&#x438;&#x440;&#x43E;&#x432;&#x430;&#x43D;&#x43D;&#x43E;&#x433;&#x43E; &#x43A;&#x440;&#x438;&#x441;&#x442;&#x430;&#x43B;&#x43B;&#x430;</subfield>
    <subfield code="f">&#x412;.&#x410;. &#x411;&#x430;&#x441;&#x43A;&#x43E;&#x432;, &#x412;.&#x412;. &#x41A;&#x438;&#x43C;, &#x411;.&#x418;. &#x41B;&#x443;&#x447;&#x43A;&#x43E;&#x432; [&#x438; &#x434;&#x440;.]</subfield>
  </datafield>
  <datafield tag="210" ind1=" " ind2=" ">
    <subfield code="a">&#x41C;&#x43E;&#x441;&#x43A;&#x432;&#x430;</subfield>
    <subfield code="c">[&#x431;.&#x438;.]</subfield>
    <subfield code="d">2012</subfield>
  </datafield>
  <datafield tag="215" ind1=" " ind2=" ">
    <subfield code="a">10 &#x441;.</subfield>
    <subfield code="c">&#x433;&#x440;&#x430;&#x444;.</subfield>
    <subfield code="d">21</subfield>
  </datafield>
  <datafield tag="225" ind1="1" ind2=" ">
    <subfield code="a">&#x41F;&#x440;&#x435;&#x43F;&#x440;&#x438;&#x43D;&#x442;</subfield>
    <subfield code="f">&#x424;&#x435;&#x434;&#x435;&#x440;. &#x433;&#x43E;&#x441;. &#x431;&#x44E;&#x434;&#x436;&#x435;&#x442;. &#x443;&#x447;&#x440;&#x435;&#x436;&#x434;&#x435;&#x43D;&#x438;&#x435; &#x43D;&#x430;&#x443;&#x43A;&#x438; &#x424;&#x438;&#x437;. &#x438;&#x43D;-&#x442; &#x438;&#x43C;. &#x41F;.&#x41D;. &#x41B;&#x435;&#x431;&#x435;&#x434;&#x435;&#x432;&#x430; &#x420;&#x43E;&#x441;. &#x430;&#x43A;&#x430;&#x434;. &#x43D;&#x430;&#x443;&#x43A; &#x424;&#x418;&#x410;&#x41D;</subfield>
    <subfield code="v">17</subfield>
  </datafield>
  <datafield tag="300" ind1=" " ind2=" ">
    <subfield code="a">&#x420;&#x435;&#x437;. &#x43D;&#x430; &#x430;&#x43D;&#x433;&#x43B;. &#x44F;&#x437;.</subfield>
  </datafield>
  <datafield tag="320" ind1=" " ind2=" ">
    <subfield code="a">&#x411;&#x438;&#x431;&#x43B;&#x438;&#x43E;&#x433;&#x440;.: &#x441;. 7 (16 &#x43D;&#x430;&#x437;&#x432;.)</subfield>
  </datafield>
  <datafield tag="606" ind1="1" ind2=" ">
    <subfield code="a">&#x421;&#x43F;&#x435;&#x43A;&#x442;&#x440;&#x43E;&#x43C;&#x435;&#x442;&#x440;&#x44B; &#x44F;&#x434;&#x435;&#x440;&#x43D;&#x44B;&#x445; &#x447;&#x430;&#x441;&#x442;&#x438;&#x446; &#x43B;&#x438;&#x432;&#x43D;&#x435;&#x432;&#x44B;&#x435;</subfield>
    <subfield code="9">1662381</subfield>
    <subfield code="3">RU\NLR\AUTH\661035338</subfield>
  </datafield>
  <datafield tag="606" ind1=" " ind2=" ">
    <subfield code="a">&#x412;&#x43E;&#x43B;&#x44C;&#x444;&#x440;&#x430;&#x43C;</subfield>
    <subfield code="x">&#x41A;&#x440;&#x438;&#x441;&#x442;&#x430;&#x43B;&#x43B;&#x44B;</subfield>
    <subfield code="x">&#x41B;&#x438;&#x432;&#x43D;&#x438; &#x447;&#x430;&#x441;&#x442;&#x438;&#x446; &#x44D;&#x43B;&#x435;&#x43A;&#x442;&#x440;&#x43E;&#x43C;&#x430;&#x433;&#x43D;&#x438;&#x442;&#x43D;&#x44B;&#x435;</subfield>
    <subfield code="9">2393049</subfield>
    <subfield code="3">RU\NLR\AUTH\661426952</subfield>
  </datafield>
  <datafield tag="686" ind1="1" ind2=" ">
    <subfield code="a">&#x412;381.54</subfield>
  </datafield>
  <datafield tag="686" ind1="1" ind2=" ">
    <subfield code="a">&#x412;386.3</subfield>
  </datafield>
  <datafield tag="701" ind1=" " ind2="1">
    <subfield code="4">070</subfield>
    <subfield code="8">rus</subfield>
    <subfield code="7">ca</subfield>
    <subfield code="a">&#x411;&#x430;&#x441;&#x43A;&#x43E;&#x432;</subfield>
    <subfield code="b">&#x412;. &#x410;.</subfield>
    <subfield code="g">&#x412;&#x43B;&#x430;&#x434;&#x438;&#x43C;&#x438;&#x440; &#x410;&#x43B;&#x435;&#x43A;&#x441;&#x435;&#x435;&#x432;&#x438;&#x447;</subfield>
    <subfield code="3">RU\NLR\auth\7743645</subfield>
    <subfield code="9">26588</subfield>
  </datafield>
  <datafield tag="701" ind1=" " ind2="1">
    <subfield code="4">070</subfield>
    <subfield code="8">rus</subfield>
    <subfield code="7">ca</subfield>
    <subfield code="a">&#x41A;&#x438;&#x43C;</subfield>
    <subfield code="b">&#x412;. &#x412;.</subfield>
    <subfield code="g">&#x412;&#x430;&#x43B;&#x435;&#x440;&#x438;&#x439; &#x412;&#x430;&#x43B;&#x435;&#x43D;&#x442;&#x438;&#x43D;&#x43E;&#x432;&#x438;&#x447;</subfield>
    <subfield code="3">RU\NLR\auth\7750374</subfield>
    <subfield code="9">33309</subfield>
  </datafield>
  <datafield tag="701" ind1=" " ind2="1">
    <subfield code="4">070</subfield>
    <subfield code="8">rus</subfield>
    <subfield code="7">ca</subfield>
    <subfield code="a">&#x41B;&#x443;&#x447;&#x43A;&#x43E;&#x432;</subfield>
    <subfield code="b">&#x411;. &#x418;.</subfield>
    <subfield code="f">1932-</subfield>
    <subfield code="g">&#x411;&#x43E;&#x440;&#x438;&#x441; &#x418;&#x432;&#x430;&#x43D;&#x43E;&#x432;&#x438;&#x447;</subfield>
    <subfield code="3">RU\NLR\auth\7750376</subfield>
    <subfield code="9">33311</subfield>
  </datafield>
  <datafield tag="701" ind1=" " ind2="1">
    <subfield code="4">070</subfield>
  </datafield>
  <datafield tag="801" ind1=" " ind2="0">
    <subfield code="a">RU</subfield>
    <subfield code="b">NLR</subfield>
    <subfield code="c">20120927</subfield>
    <subfield code="g">RCR</subfield>
  </datafield>
  <datafield tag="801" ind1=" " ind2="1">
    <subfield code="a">RU</subfield>
    <subfield code="b">NLR</subfield>
    <subfield code="c">20120927</subfield>
  </datafield>
  <datafield tag="942" ind1=" " ind2=" ">
    <subfield code="c">BOOK</subfield>
  </datafield>
  <datafield tag="980" ind1=" " ind2=" ">
    <subfield code="a">NBR</subfield>
  </datafield>
</record>
